Statistics for 100 Countries by Picture

Click here to take the quiz!

General Stats

  • This quiz has been taken 1,658 times
    (1,518 since last reset)
  • The average score is 39 of 100

Answer Stats

Answer% Correct
Egypt
99%
United States
99%
China
98%
United Kingdom
98%
Australia
94%
Germany
93%
France
92%
Greece
91%
India
91%
Russia
91%
Peru
87%
Brazil
80%
Thailand
77%
Italy
76%
Norway
76%
Turkey
72%
Japan
69%
Canada
68%
Cuba
64%
Chile
62%
Jordan
62%
Netherlands
61%
South Africa
60%
Denmark
59%
Cambodia
58%
Venezuela
57%
Madagascar
55%
South Korea
55%
Malaysia
54%
Tanzania
53%
Nepal
48%
Hungary
44%
Bhutan
43%
Saudi Arabia
43%
Taiwan
42%
Ukraine
42%
Kazakhstan
40%
North Korea
40%
Guatemala
39%
Iceland
39%
Belgium
37%
Israel
34%
Myanmar
34%
Austria
32%
Georgia
32%
United Arab Emirates
32%
Mali
31%
Morocco
30%
Namibia
30%
Qatar
29%
Spain
29%
Sweden
29%
Switzerland
29%
Turkmenistan
29%
Czech Republic
27%
Argentina
26%
Poland
26%
Yemen
26%
Botswana
25%
Cyprus
25%
Pakistan
25%
Finland
24%
Monaco
24%
Belize
23%
Indonesia
23%
Panama
22%
Singapore
22%
Vatican City
22%
Serbia
21%
Mongolia
20%
Uzbekistan
20%
Iran
19%
Maldives
19%
New Zealand
19%
Tunisia
18%
Kuwait
17%
Romania
17%
Bahamas
16%
Slovakia
16%
Slovenia
16%
Croatia
15%
Laos
15%
Brunei
13%
Mexico
13%
Oman
13%
Syria
13%
Uruguay
13%
Estonia
12%
Ecuador
10%
Ireland
9%
Luxembourg
9%
Dominican Republic
8%
Portugal
8%
Vietnam
8%
Philippines
7%
Zimbabwe
7%
Malta
6%
Sri Lanka
6%
Azerbaijan
5%
Bahrain
5%

Score Distribution

Percentile by Number Answered

Percent of People with Each Score

Your Score History

You have not taken this quiz since the last reset